| 000 | 00447nam a2200157Ia 4500 | ||
|---|---|---|---|
| 008 | 210210b1912 xxu||||| |||| 00| 0 eng d | ||
| 041 | _aeng | ||
| 082 | _a040/15 | ||
| 100 | _aHERBERMANN (Charles G) and Others. Ed. | ||
| 245 | _aCatholic encyclopedia: fifteen volumes and index. Vol.XV. Tournon-Zwirner. | ||
| 260 |
_aNew York _bThe Encyclopedia Press _c1912 |
||
| 300 | _axv,800 | ||
| 440 | _aXV | ||
| 690 | _aEncyclopaedia | ||
| 906 | _a000225 | ||
| 999 |
_c76753 _d76753 |
||